| 000 | 00000nam 2200000zi 4500 |
| 001 | 9.931653 |
| 003 | CaOODSP |
| 005 | 20240214115010 |
| 006 | m o d f |
| 007 | cr mn||||||||| |
| 008 | 231220s2024 onca os f000 0 eng d |
| 020 | |a9780660693804 |
| 040 | |aCaOODSP|beng|erda|cCaOODSP |
| 043 | |an-cn--- |
| 086 | 1 |aR122-54/1-2024E-PDF |
| 245 | 00|aSyphilis in Indigenous communities. |
| 264 | 1|a[Ottawa] : |bIndigenous Services Canada = Services aux Autochtones Canada, |c[2024]. |
| 300 | |a1 online resource (1 unnumbered page) : |billustrations |
| 336 | |atext|btxt|2rdacontent |
| 337 | |acomputer|bc|2rdamedia |
| 338 | |aonline resource|bcr|2rdacarrier |
| 500 | |aCover title. |
| 500 | |aIssued also in French under title: Syphilis et communautés autochtones. |
| 520 | |a"Syphilis rates are on the rise in Canada, including in Indigenous communities. Sexual and reproductive healthcare is key for your holistic wellness"--Page [1]. |
| 650 | 0|aSyphilis|zCanada. |
| 650 | 0|aIndigenous peoples|xHealth and hygiene|zCanada. |
| 710 | 1 |aCanada. |bIndigenous Services Canada, |eissuing body. |
| 775 | 08|tSyphilis et communautés autochtones.|w(CaOODSP)9.931654 |
| 856 | 40|qPDF|s772 KB|uhttps://publications.gc.ca/collections/collection_2024/sac-isc/R122-54-1-2024-eng.pdf |
| 856 | 4 |qHTML|sN/A|uhttps://www.sac-isc.gc.ca/eng/1703103230228/1703103256402 |